Deeper / (No. rekod 1836)

000 -LEADER
fixed length control field 01019nam a2200229 a 4500
003 - CONTROL NUMBER IDENTIFIER
control field KPN
005 - DATE AND TIME OF LATEST TRANSACTION
control field 20260428100023.0
008 - FIXED-LENGTH DATA ELEMENTS--GENERAL INFORMATION
fixed length control field 20260428b 00| 0 my d
020 ## - INTERNATIONAL STANDARD BOOK NUMBER
International Standard Book Number 9789675783135
Terms of availability RM35.00
Qualifying information paperback
040 ## - CATALOGING SOURCE
Transcribing agency KPN
082 04 - DEWEY DECIMAL CLASSIFICATION NUMBER
Classification number BM FK GOR 2011
Edition number 23
090 00 - LOCALLY ASSIGNED LC-TYPE CALL NUMBER (OCLC); LOCAL CALL NUMBER (RLIN)
Classification number (OCLC) (R) ; Classification number, CALL (RLIN) (NR) BM FK GOR 2011
Local cutter number (OCLC) ; Book number/undivided call number, CALL (RLIN) GOR
100 1# - MAIN ENTRY--PERSONAL NAME
Personal name Gordon, Roderick
245 10 - TITLE STATEMENT
Title Deeper /
Statement of responsibility, etc. Roderick Gordon & Brian Williams; penterjemah Harny Abu Khair
260 ## - PUBLICATION, DISTRIBUTION, ETC.
Place of publication, distribution, etc. Batu Caves, Selangor :
Name of publisher, distributor, etc. PTS Litera Utama,
Date of publication, distribution, etc. 2011
300 ## - PHYSICAL DESCRIPTION
Extent 597 pages ;
Dimensions 22cm.
521 ## - TARGET AUDIENCE NOTE
Target audience note Pengembaraan masih belum tamat untuk Will Burrows.<br/><br/>Dalam misi mencari ayah angkatnya, Will terus jatuh jauh ke dalam tanah. Dan keadaan menjadi semakin sukar apabila dia bertembung pula dengan rahsia rancangan Styx yang akan membawa implikasi buruk kepada dunia di atas.<br/><br/>Begitu juga dengan kisah seorang adik perempuan yang masih berdendam....
650 10 - SUBJECT ADDED ENTRY--TOPICAL TERM
Topical term or geographic name entry element English fiction
Form subdivision Translations into Malay
700 1# - ADDED ENTRY--PERSONAL NAME
Personal name Williams, Brian,
Dates associated with a name 1943-
Personal name Harny Abu Khair
942 ## - ADDED ENTRY ELEMENTS (KOHA)
Source of classification or shelving scheme
Koha item type Book
Suppress in OPAC No
Pemilik
Withdrawn status Lost status Source of classification or shelving scheme Damaged status Not for loan Collection code Home library Current library Shelving location Date acquired Total Checkouts Full call number Barcode Date last seen Price effective from Koha item type
          Fiction Perpustakaan Kementerian Perpaduan Malaysia Perpustakaan Kementerian Perpaduan Malaysia Children Fiction Rack 28/04/2026   BM FK GOR 2011 KPN26040069 28/04/2026 28/04/2026 Book